000
00283nam a2200121Ia 4500
008
190216s9999||||xx |||||||||||||| ||und||
100
_a
Geetha Misra
245
0
_a
Hindi-Bangla Ki Sresht Bal Kahaniyam
260
_b
Kalpataru
_c
2008
300
_a
128
650
_a
Hindi
942
_c
BK
999
_c
16514
_d
16514